Základní MARC

Záznam Personal Name

Počet záznamů používajících tuto autoritu: 2

001 - CONTROL NUMBER

  • control field: 20732

003 - CONTROL NUMBER IDENTIFIER

  • control field: ABG508

005 - DATE AND TIME OF LATEST TRANSACTION

  • control field: 20260429105440.0

008 - FIXED-LENGTH DATA ELEMENTS

  • fixed length control field: 260429|| aca||aabn | a|a d

040 ## - CATALOGING SOURCE

  • Original cataloging agency: ABG508
  • Transcribing agency: ABG508

100 ## - HEADING--PERSONAL NAME

  • Personal name: Tkáč, Jan,
  • Dates associated with a name: 1973-

670 ## - SOURCE DATA FOUND

  • Source citation: Work cat.: (ABG508)34237: Tkáč, Jan, 1973- aut, Nečekané dobrodružství draka Ilíka /Kroniky beskydských draků.

Používáme knihovní systém Koha